| 000 | 01140 a2200229 4500 | ||
|---|---|---|---|
| 001 | 41097 | ||
| 005 | 20260407155704.0 | ||
| 008 | 260407a1999 arg spa d | ||
| 003 | AR-UNSa-BCEJYS | ||
| 040 |
_aAR-UNSa-BCEJYS _bspa _cAR-UNSa-BCEJYS |
||
| 080 |
_a347.77 _xPropiedad industrial, comercial y científica. Derecho sobre patentes y marcas. Registro de modelos, planos, marcas y nombres comerciales |
||
| 245 | 1 | 0 | _aCuestiones de derecho industrial |
| 020 | _a950-894-200-2 | ||
| 264 | 1 |
_aBuenos Aires : _bAD-HOC _c1999 |
|
| 300 |
_a261 p. _c23 cm. |
||
| 505 | _a1. Protección de la información confidencial - 2. Las medidas provisionales en el GATT/ADPIC y en la legislación nacional - 3. El daño moral en las infracciones marcarias - 4. Modelos de utilidad - 5. Requisitos de patentabilidad (su aplicación en las invenciones biotecnológicas) - 6. Licencias obligatorias: ¿Solución o problema? | ||
| 041 | _aspa | ||
| 942 | _cBK | ||
| 590 | _aniveau_biblio:m niveau_hierar:0 | ||
| 100 | 1 | _aMitelman, Carlos Octavio | |
| 856 | 4 | 1 |
_uhttps://biblioeco.unsa.edu.ar/pmb/images/libros/L126359.jpg _yImagen de portada _qimage/jpeg |
| 999 |
_c3365 _d3365 |
||